000 00677nam a22002657a 4500
003 UA-OsUOA
001 21750
007 ta
008 20031213b un ||||| |||| 00| 0 ukr d
100 _aФаронов В.В.
090 _a004.4
_bФ24
942 _cBK
040 _aUA-OsUOA
_brus
_cUA-OsUOA
_dUA-OsUOA
245 _aТурбо Паскаль
_bВ 3-х книгах
_cОснови Турбо Паскаля
300 _a304 с.
955 _a0
041 _arus
080 _a004.4
020 _a5-85896-002-2
260 _aМосква
_bМВТУ-ФЕСТО ДИДАКТИК
_c1992
246 3 1 _aКн.1
_n
044 _aRU
650 7 _2UDC
999 _c307957
_d307957